000 00811nam a2200253 a 4500
001 BRL_1211
005 20190320211103.0
008 281113s1990----cc-aob####---#000-0#eng-#
020 _a7505401106
041 _aeng
044 _acc
050 4 _aDS793.G67
_b.R37 1990
245 1 0 _aRare pictures of the Great Wall
_cText Writer Cheng Dalin ; Translator Arnold Zhao (Zhao Yihe) ; Photographers Yan Zhongyi...[et al.]
260 _aChina
_bMorning Glory
_c1990
300 _a177 p.
_bil. (algunas a color), mapas
_c35 cm.
500 _aAu1398
651 4 _aGran Muralla China
_xHistoria
_926131
651 4 _aGran Muralla China
_vObras pictóricas
_926132
700 1 _aDalin, Cheng
_926133
700 1 _aZhao, Arnold
_etr.
_926134
700 1 _aZhongyi, Yan
_eil.
_926135
902 _aGRL
942 _2lcc
_cB
999 _c10023
_d10023